| 000 | 00753nam a22002537a 4500 | ||
|---|---|---|---|
| 003 | CHAP | ||
| 005 | 20220329135625.0 | ||
| 008 | 971013s1971 r 00010 d | ||
| 010 | _a39506 | ||
| 011 | _a40478 | ||
| 035 | _a44604 | ||
| 040 | _cCHAP | ||
| 082 |
_a632.58 _bE83 |
||
| 110 |
_aE.U.A. Agricultural Research Service _934856 |
||
| 245 | _aCommon weeds of the United States | ||
| 260 |
_aNew York : _bDover, _c1971 |
||
| 300 |
_a463 p. _b: ilus. |
||
| 590 |
_aCONVERSION _b10 _c20130109 _lUCH01 _h1322 |
||
| 650 | 1 | 4 |
_aMalas hierbas _xE.U.A. _970016 |
| 901 | _aBK | ||
| 942 | _cLIBRO | ||
| 949 |
_a632.58 E83 _bBC _cC _d33724000647632 _eC _fc.2 _h53593 _i44604 _si _t234.00 |
||
| 949 |
_a632.58 E83 _bBC _cC _d33724000647640 _eC _h53592 _i44604 _si _t234.00 |
||
| 999 |
_c39506 _d39506 |
||